[Event "FAI-chT3 1718"]
[Site "Faroe Islands"]
[Date "2017.10.22"]
[Round "1.1"]
[White "Olsen, Johannus"]
[Black "Ravnsfjall, Oddmar"]
[Result "1/2-1/2"]
[WhiteElo "1566"]
[BlackElo "1662"]
[PlyCount "80"]
[EventDate "2017.10.22"]
[EventType "team-tourn"]
[EventRounds "9"]
[EventCountry "FAI"]
[SourceTitle "EXT 2020"]
[Source "ChessBase"]
[SourceDate "2019.10.17"]
[SourceVersion "1"]
[SourceVersionDate "2019.10.17"]
[SourceQuality "1"]
[WhiteTeam "Sandavagur IV"]
[BlackTeam "Sandavagur III"]
[WhiteTeamCountry "FAI"]
[BlackTeamCountry "FAI"]

1. d4 Nf6 2. c4 b6 3. Nc3 Bb7 4. Nf3 d5 5. Bg5 Nbd7 6. e3 e6 7. Bd3 dxc4 8. Bxc4 Be7 9. 0-0 h6 10. Bh4 0-0 11. Bd3 Nh7 12. Bxe7 Qxe7 13. e4 Rad8 14. Qa4 a5 15. Rfd1 Ng5 16. Nxg5 Qxg5 17. Qc2 f5 18. Qe2 f4 19. f3 e5 20. Bc4+ Kh8 21. d5 Qe7 22. Rac1 Rf6 23. Rd2 g5 24. Nb5 Nf8 25. Rcd1 Bc8 26. Na7 Bb7 27. Bb5 Qg7 28. Bc6 Bc8 29. Nxc8 Rxc8 30. a3 Rd8 31. b4 axb4 32. axb4 h5 33. Ra2 g4 34. Bb5 Ng6 35. Qf2 Rdf8 36. Bf1 h4 37. fxg4 f3 38. h3 fxg2 39. Qxg2 Nf4 40. Qh2 Qg5 1/2-1/2

[Event "FAI-chT2 1415"]
[Site "Faroe Islands"]
[Date "2014.10.26"]
[Round "1.2"]
[White "Joensen, Ingi Wiberg"]
[Black "Olsen, Johannus"]
[Result "1/2-1/2"]
[WhiteElo "1704"]
[BlackElo "1544"]
[PlyCount "25"]
[EventDate "2014.10.26"]
[EventType "team-tourn"]
[EventRounds "10"]
[EventCountry "FAI"]
[SourceTitle "CBM 163 Extra"]
[Source "ChessBase"]
[SourceDate "2014.12.23"]
[SourceVersion "1"]
[SourceVersionDate "2014.12.23"]
[SourceQuality "1"]
[WhiteTeam "Sandavagur II"]
[BlackTeam "Sandavagur III"]
[WhiteTeamCountry "FAI"]
[BlackTeamCountry "FAI"]

1. e4 e5 2. Nf3 Nc6 3. d4 exd4 4. Nxd4 Bc5 5. Be3 Qf6 6. c3 Nge7 7. Bc4 Qg6 8. 0-0 Qxe4 9. Bxf7+ Kxf7 10. Qh5+ Qg6 11. Qxc5 d6 12. Qc4+ d5 13. Qe2 1/2-1/2

[Event "FAI-chT3 1213"]
[Site "Faroe Islands"]
[Date "2013.01.19"]
[Round "4.2"]
[White "Johannesen, Joen Pauli"]
[Black "Olsen, Johannus"]
[Result "1/2-1/2"]
[WhiteElo "1559"]
[BlackElo "1508"]
[PlyCount "66"]
[EventDate "2012.10.28"]
[EventType "team-tourn"]
[EventRounds "7"]
[EventCountry "FAI"]
[SourceTitle "EXT 2014"]
[Source "ChessBase"]
[SourceDate "2013.11.20"]
[SourceVersion "1"]
[SourceVersionDate "2013.11.20"]
[SourceQuality "1"]
[WhiteTeam "Vestmanna III"]
[BlackTeam "Sandavagur IV"]
[WhiteTeamCountry "FAI"]
[BlackTeamCountry "FAI"]

1. e4 d5 2. exd5 Qxd5 3. Nc3 Qd6 4. d4 Nf6 5. Nf3 c6 6. Be2 Bf5 7. 0-0 e6 8. Bg5 Be7 9. h3 Nbd7 10. Qd2 Qc7 11. Bf4 Bd6 12. Bxd6 Qxd6 13. Rfd1 Rd8 14. Bd3 Bxd3 15. Qxd3 0-0 16. Ne4 Qf4 17. Nxf6+ Nxf6 18. Qe2 Rfe8 19. c3 h6 20. Ne5 Nd7 21. Qf3 Qxf3 22. Nxf3 f6 23. Kf1 Kf7 24. Rd2 Nb6 25. b3 g5 26. g3 Kg6 27. Re1 Re7 28. Rde2 Kf7 29. Nh2 a5 30. Ng4 h5 31. Ne3 Rde8 32. f3 Nd5 33. Nxd5 exd5 1/2-1/2

[Event "FAI-chT3 1213"]
[Site "Faroe Islands"]
[Date "2013.01.19"]
[Round "3.2"]
[White "Olsen, Johannus"]
[Black "Fjallheim, Leif Reinert"]
[Result "1-0"]
[WhiteElo "1508"]
[BlackElo "1000"]
[PlyCount "57"]
[EventDate "2012.10.28"]
[EventType "team-tourn"]
[EventRounds "7"]
[EventCountry "FAI"]
[SourceTitle "EXT 2014"]
[Source "ChessBase"]
[SourceDate "2013.11.20"]
[SourceVersion "1"]
[SourceVersionDate "2013.11.20"]
[SourceQuality "1"]
[WhiteTeam "Sandavagur IV"]
[BlackTeam "Havnin IV"]
[WhiteTeamCountry "FAI"]
[BlackTeamCountry "FAI"]

1. d4 Nf6 2. Nf3 d5 3. e3 Bf5 4. c4 e6 5. Nc3 Bb4 6. a3 Bxc3+ 7. bxc3 Ne4 8. Qb3 b6 9. Be2 c5 10. cxd5 exd5 11. Bb5+ Nd7 12. Qxd5 Nxc3 13. Bxd7+ Bxd7 14. Qe5+ Be6 15. Qxg7 Rf8 16. Bb2 Ne4 17. 0-0 Bc4 18. Rfe1 Qd6 19. dxc5 Nxc5 20. Qc3 Qd3 21. Qe5+ Be6 22. Red1 Qe2 23. Rd2 Qb5 24. Rad1 Rg8 25. Ng5 Qa4 26. Nxh7 Ke7 27. Qf6+ Ke8 28. Rd8+ Rxd8 29. Rxd8# 1-0